<?xml version="1.0" encoding="UTF-8"?>
<record
    xmlns:xsi="http://www.w3.org/2001/XMLSchema-instance"
    xsi:schemaLocation="http://www.loc.gov/MARC21/slim http://www.loc.gov/standards/marcxml/schema/MARC21slim.xsd"
    xmlns="http://www.loc.gov/MARC21/slim">

  <leader>00711nam a2200217Ia 4500</leader>
  <controlfield tag="003">OSt</controlfield>
  <controlfield tag="005">20250124163921.0</controlfield>
  <controlfield tag="008">210210b1994   xxu||||| |||| 00| 0 eng d</controlfield>
  <datafield tag="040" ind1=" " ind2=" ">
    <subfield code="c">AL</subfield>
  </datafield>
  <datafield tag="041" ind1=" " ind2=" ">
    <subfield code="a">Kannada</subfield>
  </datafield>
  <datafield tag="082" ind1=" " ind2=" ">
    <subfield code="a">K894.3 YAND</subfield>
  </datafield>
  <datafield tag="100" ind1=" " ind2=" ">
    <subfield code="a">YANDAMURI VIRENDRANATH.</subfield>
    <subfield code="d">&#xCAF;&#xC82;&#xCA1;&#xCAE;&#xCC2;&#xCB0;&#xCBF; &#xCB5;&#xCC0;&#xCB0;&#xCC7;&#xC82;&#xCA6;&#xCCD;&#xCB0;&#xCA8;&#xCBE;&#xCA5;&#xCCD;</subfield>
    <subfield code="9">195386</subfield>
  </datafield>
  <datafield tag="245" ind1=" " ind2=" ">
    <subfield code="a">Duddu minus duddu. </subfield>
    <subfield code="b">&#xCA6;&#xCC1;&#xCA1;&#xCCD;&#xCA1;&#xCC1; &#xCAE;&#xCC8;&#xCA8;&#xCB8;&#xCCD; &#xCA6;&#xCC1;&#xCA1;&#xCCD;&#xCA1;&#xCC1;</subfield>
  </datafield>
  <datafield tag="260" ind1=" " ind2=" ">
    <subfield code="a">Bengaluru</subfield>
    <subfield code="b">Sahitya Prakashana</subfield>
    <subfield code="c">1994</subfield>
  </datafield>
  <datafield tag="300" ind1=" " ind2=" ">
    <subfield code="a">viii,262</subfield>
  </datafield>
  <datafield tag="650" ind1=" " ind2=" ">
    <subfield code="a">Kattimani Ar Vi</subfield>
    <subfield code="9">195387</subfield>
  </datafield>
  <datafield tag="690" ind1=" " ind2=" ">
    <subfield code="a">Kannada Fiction</subfield>
    <subfield code="9">195388</subfield>
  </datafield>
  <datafield tag="700" ind1=" " ind2=" ">
    <subfield code="a">R V Kattimani.</subfield>
    <subfield code="d">&#xC85;&#xCB0;&#xCCD; &#xCB5;&#xCBF; &#xC95;&#xC9F;&#xCCD;&#xC9F;&#xCBF;&#xCAE;&#xCA8;&#xCBF; Tr</subfield>
    <subfield code="9">195389</subfield>
  </datafield>
  <datafield tag="906" ind1=" " ind2=" ">
    <subfield code="a">049020</subfield>
  </datafield>
  <datafield tag="942" ind1=" " ind2=" ">
    <subfield code="2">ddc</subfield>
    <subfield code="c">BK</subfield>
  </datafield>
  <datafield tag="999" ind1=" " ind2=" ">
    <subfield code="c">98155</subfield>
    <subfield code="d">98155</subfield>
  </datafield>
  <datafield tag="952" ind1=" " ind2=" ">
    <subfield code="0">0</subfield>
    <subfield code="1">0</subfield>
    <subfield code="2">ddc</subfield>
    <subfield code="4">0</subfield>
    <subfield code="7">0</subfield>
    <subfield code="8">KAN</subfield>
    <subfield code="a">AL</subfield>
    <subfield code="b">AL</subfield>
    <subfield code="d">2021-02-17</subfield>
    <subfield code="g">50.00</subfield>
    <subfield code="l">0</subfield>
    <subfield code="o">K894.3 YAND</subfield>
    <subfield code="p">049020</subfield>
    <subfield code="r">2021-02-17 00:00:00</subfield>
    <subfield code="w">2021-02-17</subfield>
    <subfield code="y">BK</subfield>
  </datafield>
</record>
